000 00840 a2200277 4500
005 20250828111328.0
008 250828b |||||||| |||| 00| 0 eng d
044 _aCIV
090 _bDG/A/1652
100 _aKOTAIX, A. J. A.
100 _aGOGBE-DIBI, F. B.
100 _aKEBE, B. I.
110 _aCentre National de Recherche Agronomique
110 _bCote d'Ivoire
245 _aCaracteristiques physico-chimiques et phytotoxite des compostes a base des coques de cacao
260 _cMai 2025
302 _a p. 136-143
388 _a2025-08-28
650 _2AGROVOC
_gCote d'Ivoire
650 _gCoques de cacao
650 _gcompostage
650 _gUtilisation des dechets
650 _gphytotoxicite
650 _gfertilite des sols
856 _uhttps://ftech.byethost7.com/wp-content/uploads/2025/08/DGA1652.pdf
999 _c5973
_d5973